[Event "CRO Cup"]
[White "Santa, Robert"]
[Black "Vitic, Ivan"]
[Site "Mali Losinj"]
[Round "5.72"]
[Result "1/2-1/2"]
[Date "2018.05.19"]
[WhiteElo "2174"]
[BlackElo "2275"]
[PlyCount "59"]
[EventDate "2018.05.16"]
[EventType "team-swiss"]
[EventRounds "6"]
[EventCountry "CRO"]
[SourceTitle "CBM 184 Extra"]
[Source "ChessBase"]
[SourceDate "2018.06.28"]
[SourceVersion "1"]
[SourceVersionDate "2018.06.28"]
[SourceQuality "1"]
[WhiteTeam "Sv Ivan Zabno"]
[BlackTeam "Osijek Ferit"]
[WhiteTeamCountry "CRO"]
[BlackTeamCountry "CRO"]

1. e4 c5 2. Nf3 Nc6 3. c4 g6 4. Nc3 Bg7 5. d3 d6 6. g3 Bg4 7. Bg2 e6 8. h3 Bxf3 9. Bxf3 Nge7 10. Bg5 h6 11. Be3 0-0 12. Qd2 Kh7 13. 0-0 Rb8 14. Bg2 a6 15. a4 Nd4 16. Bxd4 Bxd4 17. Kh2 Nc6 18. f4 f5 19. Rfe1 Qf6 20. Re2 Rbe8 21. Rae1 Re7 22. Bf3 Kg7 23. h4 h5 24. Kg2 Rfe8 25. exf5 Bxc3 26. bxc3 exf5 27. Bxc6 bxc6 28. Rxe7+ Rxe7 29. Rxe7+ Qxe7 30. Kf3 1/2-1/2

[Event "CRO Cup"]
[White "Rubil, Marko"]
[Black "Santa, Robert"]
[Site "Mali Losinj"]
[Round "4.52"]
[Result "1-0"]
[Date "2018.05.18"]
[WhiteElo "2227"]
[BlackElo "2174"]
[PlyCount "105"]
[EventDate "2018.05.16"]
[EventType "team-swiss"]
[EventRounds "6"]
[EventCountry "CRO"]
[SourceTitle "CBM 184 Extra"]
[Source "ChessBase"]
[SourceDate "2018.06.28"]
[SourceVersion "1"]
[SourceVersionDate "2018.06.28"]
[SourceQuality "1"]
[WhiteTeam "Slavonski Brod"]
[BlackTeam "Sv Ivan Zabno"]
[WhiteTeamCountry "CRO"]
[BlackTeamCountry "CRO"]

1. e4 c5 2. Nf3 Nc6 3. d4 cxd4 4. Nxd4 e5 5. Nb5 d6 6. c4 Nf6 7. N1c3 a6 8. Na3 Be6 9. Be2 Nd4 10. 0-0 Rc8 11. Bd3 Be7 12. Be3 Nc6 13. f3 0-0 14. Qd2 Nb4 15. Be2 h6 16. Na4 Nc6 17. Nb6 Rb8 18. Rfd1 Re8 19. Nd5 Bf8 20. Bb6 Qd7 21. Rac1 Rbc8 22. Be3 Bxd5 23. cxd5 Nb8 24. Nc4 Qe7 25. Nb6 Rxc1 26. Rxc1 Nh5 27. g3 g5 28. Rc3 Qf6 29. Qc2 Qg6 30. Rc8 f5 31. exf5 Qf7 32. Qc7 Qxc7 33. Rxc7 Re7 34. Rc8 Nd7 35. Nc4 Ndf6 36. Nxd6 Rd7 37. Ne4 Kg7 38. g4 Nxd5 39. gxh5 Nxe3 40. f6+ Kf7 41. Kf2 Nd1+ 42. Bxd1 Rxd1 43. Rc7+ Kg8 44. Rxb7 Rh1 45. Kg2 Re1 46. Kh3 Rg1 47. Ng3 Bd6 48. Rd7 Bc5 49. Kg4 Rg2 50. Kf5 Rxb2 51. Kg6 Rb6 52. Rd8+ Bf8 53. Nf5 1-0

[Event "CRO Cup"]
[White "Spiranec, Noemi"]
[Black "Santa, Robert"]
[Site "Mali Losinj"]
[Round "2.122"]
[Result "0-1"]
[Date "2018.05.17"]
[WhiteElo "1946"]
[BlackElo "2174"]
[PlyCount "120"]
[EventDate "2018.05.16"]
[EventType "team-swiss"]
[EventRounds "6"]
[EventCountry "CRO"]
[SourceTitle "CBM 184 Extra"]
[Source "ChessBase"]
[SourceDate "2018.06.28"]
[SourceVersion "1"]
[SourceVersionDate "2018.06.28"]
[SourceQuality "1"]
[WhiteTeam "Varazdin"]
[BlackTeam "Sv Ivan Zabno"]
[WhiteTeamCountry "CRO"]
[BlackTeamCountry "CRO"]

1. d4 Nf6 2. c4 g6 3. Nc3 Bg7 4. e4 d6 5. Bd3 e5 6. d5 0-0 7. Nge2 Na6 8. Bb1 c6 9. 0-0 cxd5 10. cxd5 Bd7 11. h3 Qc7 12. Be3 b5 13. a3 Nc5 14. b4 Na4 15. Qd3 Nxc3 16. Nxc3 a6 17. Rc1 Qb7 18. Ra2 a5 19. bxa5 Rxa5 20. Ne2 Ra4 21. f3 Rfa8 22. Bc2 Rc4 23. Rb1 Qc8 24. Qb3 Rc7 25. Bd3 Rb7 26. Nc3 Rab8 27. Qb4 Bf8 28. Rab2 Nh5 29. Ne2 f5 30. Qd2 f4 31. Bf2 g5 32. g4 Nf6 33. Nc3 h5 34. Nxb5 hxg4 35. hxg4 Bxg4 36. Na7 Rxb2 37. Rxb2 Rxb2 38. Qxb2 Qd7 39. Bb5 Qh7 40. fxg4 Nxg4 41. Bb6 Qxe4 42. Qe2 Qb1+ 43. Kg2 Nf6 44. Bd8 e4 45. Qf1 Qb2+ 46. Qf2 f3+ 47. Kg1 Qc1+ 48. Qf1 Qf4 49. Bxf6 Qxf6 50. Nc6 g4 51. Qf2 Bh6 52. Nd4 e3 53. Qb2 Bg7 54. Bd7 Qxd4 55. Qb8+ Bf8 56. Be6+ Kg7 57. Qb4 Qxb4 58. axb4 e2 59. Kf2 g3+ 60. Ke1 g2 0-1

[Event "CRO-chT2 Center 26th"]
[White "Santa, Robert"]
[Black "Purgar, Ivona"]
[Site "Croatia"]
[Round "4.54"]
[Result "0-1"]
[Date "2017.04.02"]
[WhiteElo "2188"]
[BlackElo "2156"]
[PlyCount "68"]
[EventDate "2017.03.26"]
[EventType "team-tourn"]
[EventRounds "11"]
[EventCountry "CRO"]
[SourceTitle "EXT 2019"]
[Source "ChessBase"]
[SourceDate "2018.10.10"]
[SourceVersion "1"]
[SourceVersionDate "2018.10.10"]
[SourceQuality "1"]

1. e4 c5 2. Nf3 e6 3. d4 cxd4 4. Nxd4 Nc6 5. Nc3 Qc7 6. Be3 a6 7. g4 b5 8. Bg2 Bb7 9. g5 Ne5 10. Nce2 Nc4 11. Bc1 Bb4+ 12. c3 Bc5 13. b3 Nb6 14. Qd3 Ne7 15. Bf4 e5 16. Bg3 d5 17. 0-0 0-0 18. Nf5 Rad8 19. Qc2 dxe4 20. Bxe4 Nxf5 21. Bxf5 Qc6 22. Bxh7+ Kh8 23. Be4 Qxe4 24. Qxe4 Bxe4 25. Bxe5 Rfe8 26. Bd4 Bxd4 27. Nxd4 b4 28. f3 Bb7 29. Nf5 bxc3 30. Rac1 Re5 31. Ng3 Nd5 32. Ne4 Nf4 33. Kh1 Rxe4 34. fxe4 Bxe4+ 0-1

[Event "CRO-chT2 Center 26th"]
[White "Segovic, Goran"]
[Black "Santa, Robert"]
[Site "Croatia"]
[Round "3.34"]
[Result "1/2-1/2"]
[Date "2017.04.02"]
[WhiteElo "2255"]
[BlackElo "2188"]
[PlyCount "42"]
[EventDate "2017.03.26"]
[EventType "team-tourn"]
[EventRounds "11"]
[EventCountry "CRO"]
[SourceTitle "EXT 2019"]
[Source "ChessBase"]
[SourceDate "2018.10.10"]
[SourceVersion "1"]
[SourceVersionDate "2018.10.10"]
[SourceQuality "1"]

1. e4 c5 2. Nf3 d6 3. Bb5+ Bd7 4. Bxd7+ Qxd7 5. 0-0 e5 6. c3 Nf6 7. d4 Nc6 8. Re1 Be7 9. Na3 0-0 10. Bg5 cxd4 11. cxd4 Rad8 12. d5 Nb8 13. Qd3 Rc8 14. Nc4 Na6 15. Bxf6 Bxf6 16. Rac1 Rc7 17. Qa3 Rfc8 18. b3 Be7 19. Ne3 g6 20. Rxc7 Qxc7 21. g4 Qc3 1/2-1/2

[Event "CRO-chT2 Center 26th"]
[White "Pavic, Jakov"]
[Black "Santa, Robert"]
[Site "Croatia"]
[Round "1.44"]
[Result "1-0"]
[Date "2017.03.26"]
[WhiteElo "2119"]
[BlackElo "2188"]
[PlyCount "83"]
[EventDate "2017.03.26"]
[EventType "team-tourn"]
[EventRounds "11"]
[EventCountry "CRO"]
[SourceTitle "EXT 2019"]
[Source "ChessBase"]
[SourceDate "2018.10.10"]
[SourceVersion "1"]
[SourceVersionDate "2018.10.10"]
[SourceQuality "1"]

1. d4 e6 2. c4 Nf6 3. Nf3 d5 4. Nc3 c6 5. e3 Nbd7 6. Bd3 dxc4 7. Bxc4 b5 8. Bd3 Bb7 9. 0-0 Be7 10. Qe2 a6 11. Rd1 Qc7 12. e4 c5 13. d5 e5 14. d6 Bxd6 15. Bxb5 Be7 16. Bc4 0-0 17. Bg5 Nb6 18. Rd2 h6 19. Bxf6 Bxf6 20. Rad1 Bc8 21. Nd5 Nxd5 22. Bxd5 Rb8 23. h3 Qb6 24. b3 a5 25. Rc2 Ba6 26. Bc4 Bb7 27. Rcd2 Rfd8 28. Rd7 Rxd7 29. Rxd7 Rf8 30. Qd3 a4 31. Bxf7+ Kh7 32. Bc4 axb3 33. axb3 Ra8 34. Rd6 Qc7 35. Rd7 Qb6 36. Nd2 Ra1+ 37. Kh2 Bg5 38. Qc3 Rd1 39. Qxe5 Qg6 40. Qb8 Qf6 41. Bg8+ Kg6 42. Qe8+ 1-0

[Event "CRO-chT2 Center 25th"]
[White "Santa, Robert"]
[Black "Ilic, Ognjen"]
[Site "Croatia"]
[Round "3.43"]
[Result "1/2-1/2"]
[Date "2016.04.10"]
[WhiteElo "2197"]
[BlackElo "2108"]
[PlyCount "37"]
[EventDate "2016.03.13"]
[EventType "team-tourn"]
[EventRounds "11"]
[EventCountry "CRO"]
[SourceTitle "EXT 2019"]
[Source "ChessBase"]
[SourceDate "2018.10.10"]
[SourceVersion "1"]
[SourceVersionDate "2018.10.10"]
[SourceQuality "1"]

1. e4 e5 2. Nf3 Nf6 3. Nxe5 d6 4. Nf3 Nxe4 5. d3 Nf6 6. Nc3 Be7 7. g3 0-0 8. Bg2 c6 9. 0-0 Bg4 10. Re1 Nbd7 11. Bg5 Re8 12. Qd2 Nb6 13. h3 Bh5 14. g4 Bg6 15. Nh4 Nfd7 16. Bxe7 Rxe7 17. Nxg6 hxg6 18. a4 d5 19. b3 1/2-1/2

[Event "CRO-chT2 Center 25th"]
[White "Vukic, Aleksandar"]
[Black "Santa, Robert"]
[Site "Croatia"]
[Round "1.54"]
[Result "1/2-1/2"]
[Date "2016.03.13"]
[WhiteElo "2151"]
[BlackElo "2197"]
[PlyCount "74"]
[EventDate "2016.03.13"]
[EventType "team-tourn"]
[EventRounds "11"]
[EventCountry "CRO"]
[SourceTitle "EXT 2019"]
[Source "ChessBase"]
[SourceDate "2018.10.10"]
[SourceVersion "1"]
[SourceVersionDate "2018.10.10"]
[SourceQuality "1"]

1. d4 g6 2. e4 d6 3. Nc3 Bg7 4. Be3 Nf6 5. Qd2 c6 6. h3 Nbd7 7. f4 Qa5 8. Bd3 e5 9. Nf3 exd4 10. Nxd4 Nc5 11. 0-0 0-0 12. Nb3 Nxb3 13. axb3 Qc7 14. Qf2 a6 15. Rad1 b5 16. g4 b4 17. Ne2 Re8 18. Ng3 Bb7 19. g5 Nd7 20. Bd4 Bxd4 21. Qxd4 c5 22. Qf2 Nb6 23. Rfe1 Re7 24. f5 d5 25. exd5 Bxd5 26. Be4 Rd8 27. Bxd5 Rxd5 28. Rxd5 Nxd5 29. Ne4 Re5 30. Qh2 Kf8 31. f6 Re6 32. Qxc7 Nxc7 33. Kf2 Re5 34. Kf3 Ne6 35. Rd1 Nd4+ 36. Kf4 Rf5+ 37. Kg4 Ne6 1/2-1/2

[Event "CRO-chT2 Center 23rd"]
[White "Pavic, Jakov"]
[Black "Santa, Robert"]
[Site "Grubisno Polje"]
[Round "4.2"]
[Result "1/2-1/2"]
[Date "2014.03.16"]
[WhiteElo "2135"]
[BlackElo "2209"]
[PlyCount "100"]
[EventDate "2014.03.02"]
[EventType "team-match"]
[EventRounds "11"]
[EventCountry "CRO"]
[SourceTitle "EXT 2016"]
[Source "ChessBase"]
[SourceDate "2015.10.08"]
[SourceVersion "1"]
[SourceVersionDate "2015.10.08"]
[SourceQuality "1"]

1. d4 d5 2. c4 c6 3. cxd5 cxd5 4. Nf3 Nc6 5. Nc3 Nf6 6. Bf4 a6 7. e3 e6 8. Bd3 Bd6 9. Ne5 Bxe5 10. dxe5 Nd7 11. Qg4 g6 12. Qg3 Nc5 13. Be2 Qb6 14. Rb1 Qa5 15. 0-0 h6 16. Qh4 Qd8 17. Qxd8+ Kxd8 18. Bg3 Nd7 19. f4 b5 20. Bf3 Bb7 21. Rfd1 b4 22. Nxd5 exd5 23. Bxd5 Ke8 24. Bxf7+ Ke7 25. Bxg6 Nb6 26. f5 Rhg8 27. f6+ Kf8 28. Bh7 Rxg3 29. hxg3 Nxe5 30. Rbc1 Nbc4 31. b3 Nxe3 32. Re1 N5g4 33. Rc7 Bxg2 34. Bg6 Bd5 35. Re7 Rd8 36. R1xe3 Nxe3 37. Rxe3 Bf7 38. Rd3 Rxd3 39. Bxd3 a5 40. Kf2 Be6 41. Ke3 Kf7 42. Kd4 Kxf6 43. Kc5 Bd7 44. Kb6 a4 45. Kc5 axb3 46. axb3 Kg5 47. Be2 Be6 48. Kxb4 h5 49. Kc3 Bxb3 50. Kxb3 h4 1/2-1/2

[Event "CRO-chT2 Center 22nd"]
[White "Martic, Josip"]
[Black "Santa, Robert"]
[Site "Sisak"]
[Round "10.2"]
[Result "0-1"]
[Date "2013.10.13"]
[WhiteElo "2060"]
[BlackElo "2242"]
[PlyCount "56"]
[EventDate "2013.04.14"]
[EventType "team-tourn"]
[EventRounds "11"]
[EventCountry "CRO"]
[SourceTitle "EXT 2016"]
[Source "ChessBase"]
[SourceDate "2015.10.08"]
[SourceVersion "1"]
[SourceVersionDate "2015.10.08"]
[SourceQuality "1"]

1. d4 d5 2. c4 c6 3. Nc3 Nf6 4. cxd5 cxd5 5. Bf4 Nc6 6. e3 a6 7. Bd3 Bg4 8. Nge2 e6 9. 0-0 Bd6 10. f3 Bh5 11. Bxd6 Qxd6 12. Nf4 Bg6 13. Nxg6 hxg6 14. f4 g5 15. a3 Rh6 16. h3 gxf4 17. exf4 g6 18. Be2 Kf8 19. Rc1 Kg7 20. Na4 Rh4 21. Qd2 Ne4 22. Qe3 Ne7 23. Nc5 Nf5 24. Qd3 Neg3 25. Rf2 b6 26. Nxa6 Rxf4 27. Rxf4 Qxf4 28. Rc6 Nxd4 0-1

[Event "CRO-chT2 Center 22nd"]
[White "Buric, Zdenko"]
[Black "Santa, Robert"]
[Site "Sisak"]
[Round "8.34"]
[Result "1/2-1/2"]
[Date "2013.10.06"]
[WhiteElo "2159"]
[BlackElo "2242"]
[PlyCount "55"]
[EventDate "2013.04.14"]
[EventType "team-tourn"]
[EventRounds "11"]
[EventCountry "CRO"]
[SourceTitle "EXT 2016"]
[Source "ChessBase"]
[SourceDate "2015.10.08"]
[SourceVersion "1"]
[SourceVersionDate "2015.10.08"]
[SourceQuality "1"]

1. Nf3 c5 2. g3 Nc6 3. Bg2 d5 4. d4 Nf6 5. 0-0 Bf5 6. c3 e6 7. Re1 Qb6 8. Qa4 Be7 9. Nbd2 0-0 10. e3 c4 11. Ne5 Nxe5 12. dxe5 Ng4 13. Nf3 Qc7 14. Nd4 Bd3 15. f4 Nh6 16. e4 dxe4 17. Bxe4 Bxe4 18. Rxe4 a6 19. Be3 Ng4 20. Bd2 b5 21. Qc2 Bc5 22. h3 Nh6 23. Be3 Rfd8 24. g4 Bxd4 25. Bxd4 Qe7 26. Qf2 Rd5 27. Rf1 g6 28. Kh2 1/2-1/2

[Event "CRO-chT2 Center"]
[White "Gabre, Zeljko"]
[Black "Santa, Robert"]
[Site "Zagreb"]
[Round "7.53"]
[Result "1/2-1/2"]
[Date "2012.10.14"]
[WhiteElo "2153"]
[BlackElo "2251"]
[PlyCount "110"]
[EventDate "2012.03.18"]
[EventType "team-swiss"]
[EventRounds "11"]
[EventCountry "CRO"]
[SourceTitle "EXT 2019"]
[Source "ChessBase"]
[SourceDate "2018.10.10"]
[SourceVersion "1"]
[SourceVersionDate "2018.10.10"]
[SourceQuality "1"]

1. e4 c5 2. Nf3 Nc6 3. c3 d5 4. exd5 Qxd5 5. d4 Bg4 6. Be2 cxd4 7. cxd4 e6 8. Nc3 Qd7 9. Be3 Nf6 10. 0-0 Be7 11. Ne5 Nxe5 12. dxe5 Qxd1 13. Bxd1 Bxd1 14. exf6 Bxf6 15. Rfxd1 a6 16. Bd4 0-0 17. Bxf6 gxf6 18. Rd7 b5 19. Rad1 Rfc8 20. a3 Rc4 21. R1d4 Rac8 22. g3 f5 23. Rxc4 Rxc4 24. Rb7 Rc6 25. Kf1 Kg7 26. Ke2 Kg6 27. Kf3 Rd6 28. Ke3 e5 29. a4 bxa4 30. Nxa4 Rd4 31. Rb6+ Kg5 32. Nc3 f4+ 33. gxf4+ Rxf4 34. Ne4+ Kg4 35. Nf6+ Kh3 36. Nxh7 f5 37. Rh6+ Kg2 38. Rg6+ Kf1 39. Rxa6 Rxf2 40. b3 Re2+ 41. Kd3 e4+ 42. Kd4 Rd2+ 43. Ke5 e3 44. Ra1+ Kg2 45. Kf4 e2 46. Ng5 Rd1 47. Ra2 Kf1 48. Nf3 Rd3 49. Ra1+ Kf2 50. Ne5 Rxb3 51. Ra2 Kf1 52. Ra1+ e1Q 53. Rxe1+ Kxe1 54. Kxf5 Rh3 55. Kg4 Rxh2 1/2-1/2